[Event "SRB Central-ch"]
[Site "Pirot"]
[Date "2022.11.20"]
[Round "6"]
[White "Biljanic, Ljubomir"]
[Black "Ilijic, Mihajilo"]
[Result "1-0"]
[WhiteElo "2242"]
[BlackElo "1966"]
[PlyCount "71"]
[EventDate "2022.11.16"]
[EventType "swiss"]
[EventRounds "9"]
[EventCountry "SRB"]
[SourceTitle "CBM 211 Extra"]
[Source "ChessBase"]
[SourceDate "2023.01.31"]
[SourceVersion "1"]
[SourceVersionDate "2023.01.31"]
[SourceQuality "1"]

1. d4 Nf6 2. Nf3 g6 3. e3 Bg7 4. Bd3 0-0 5. Nbd2 d6 6. b3 c5 7. Bb2 Nc6 8. 0-0 Nb4 9. Re1 Nxd3 10. cxd3 b6 11. Ne4 Bb7 12. Nxf6+ Bxf6 13. Qe2 Qd7 14. e4 Rac8 15. Rad1 cxd4 16. Bxd4 Bxd4 17. Nxd4 Rc5 18. b4 Rcc8 19. Qd2 Qa4 20. Rb1 e5 21. Nf5 Qd7 22. Qg5 f6 23. Qg3 Rc7 24. Rbc1 Rfc8 25. Rxc7 Rxc7 26. h4 Kf7 27. Nh6+ Kg7 28. Ng4 Qe6 29. f4 exf4 30. Qxf4 f5 31. Rf1 Rc2 32. Qh6+ Kg8 33. Rxf5 Rxg2+ 34. Kf1 Qe7 35. Nf6+ Kh8 36. Nxh7 1-0

[Event "SRB Central-ch"]
[Site "Pirot"]
[Date "2022.11.20"]
[Round "5"]
[White "Todorovic, Bojan"]
[Black "Biljanic, Ljubomir"]
[Result "1-0"]
[WhiteElo "2202"]
[BlackElo "2242"]
[PlyCount "79"]
[EventDate "2022.11.16"]
[EventType "swiss"]
[EventRounds "9"]
[EventCountry "SRB"]
[SourceTitle "CBM 211 Extra"]
[Source "ChessBase"]
[SourceDate "2023.01.31"]
[SourceVersion "1"]
[SourceVersionDate "2023.01.31"]
[SourceQuality "1"]

1. d4 Nf6 2. c4 e6 3. Nc3 Bb4 4. Qc2 c5 5. dxc5 Bxc5 6. Nf3 0-0 7. Bg5 b6 8. e3 Be7 9. Be2 Bb7 10. 0-0 Nh5 11. Bxe7 Qxe7 12. Rfd1 Rc8 13. Qd2 Nf6 14. Rac1 Nc6 15. b3 Rd8 16. e4 d6 17. h3 Ne5 18. Qe3 Nxf3+ 19. Bxf3 e5 20. Rd2 Bc6 21. Rcd1 Rab8 22. Be2 g6 23. Bf1 Ne8 24. a4 Ng7 25. Nb5 Bxb5 26. cxb5 Ne6 27. Bc4 Nd4 28. f4 Kg7 29. Rf2 f6 30. Rdf1 Rf8 31. g4 Kh8 32. Rd2 g5 33. f5 Qg7 34. Rh2 h6 35. h4 Kh7 36. Kf2 d5 37. exd5 Rfd8 38. hxg5 fxg5 39. Qe4 Rd6 40. f6+ 1-0

[Event "SRB Central-ch"]
[Site "Pirot"]
[Date "2022.11.19"]
[Round "4"]
[White "Biljanic, Ljubomir"]
[Black "Stoimenov, Roki"]
[Result "1-0"]
[WhiteElo "2242"]
[BlackElo "2053"]
[PlyCount "63"]
[EventDate "2022.11.16"]
[EventType "swiss"]
[EventRounds "9"]
[EventCountry "SRB"]
[SourceTitle "CBM 211 Extra"]
[Source "ChessBase"]
[SourceDate "2023.01.31"]
[SourceVersion "1"]
[SourceVersionDate "2023.01.31"]
[SourceQuality "1"]

1. d4 Nf6 2. Nf3 g6 3. c4 Bg7 4. Nc3 0-0 5. e4 d6 6. Be2 Nbd7 7. 0-0 e5 8. d5 Nc5 9. Bg5 a5 10. Ne1 c6 11. Nd3 Nxd3 12. Qxd3 Qc7 13. Rfd1 Ne8 14. c5 f5 15. f3 b6 16. cxd6 Qxd6 17. dxc6 Qxc6 18. Qc4+ Qe6 19. Rd8 Qxc4 20. Bxc4+ Kh8 21. Be7 Bb7 22. Rxa8 Bxa8 23. Rd1 Rg8 24. Rd8 Bc6 25. Bxg8 Kxg8 26. Rb8 Bh6 27. Kf2 b5 28. Nxb5 Kf7 29. Bc5 fxe4 30. Rb6 Bd5 31. Nc3 Bc4 32. Rb7+ 1-0

[Event "PNWCC-Bulgaria Memorial Day"]
[Site "Chess.com INT"]
[Date "2022.05.30"]
[Round "6"]
[White "Biljanic, Ljubomir"]
[Black "Zaloznyy, Mike"]
[Result "0-1"]
[WhiteElo "2280"]
[BlackElo "2125"]
[PlyCount "84"]
[EventDate "2022.05.28"]
[EventType "team-match"]
[EventRounds "6"]
[EventCountry "USA"]
[SourceTitle "EXT 2024"]
[Source "ChessBase"]
[SourceDate "2023.10.10"]
[SourceVersion "1"]
[SourceVersionDate "2023.10.10"]
[SourceQuality "1"]
[WhiteTeam "Bulgaria"]
[BlackTeam "PNWCC"]
[WhiteTeamCountry "BUL"]
[BlackTeamCountry "USA"]

1. d4 Nf6 2. c4 b6 3. Nc3 Bb7 4. Nf3 e6 5. g3 Be7 6. Bg2 Ne4 7. Nxe4 Bxe4 8. 0-0 0-0 9. b3 f5 10. Bb2 Bf6 11. Qd2 d6 12. Rfd1 Nd7 13. Ne1 Bxg2 14. Kxg2 Qe7 15. Nd3 Rad8 16. b4 c5 17. e3 g5 18. Qe2 e5 19. dxe5 dxe5 20. bxc5 bxc5 21. e4 f4 22. f3 h5 23. Nf2 fxg3 24. hxg3 Nb6 25. Bc3 Qf7 26. Rd5 Bg7 27. Rad1 Nxd5 28. exd5 e4 29. Nxe4 Bxc3 30. Nxc3 Rde8 31. Qd3 g4 32. f4 h4 33. Ne4 Qg6 34. Nxc5 h3+ 35. Kf2 Qb6 36. Kf1 h2 37. Kg2 Rf6 38. Nb3 Rh6 39. c5 Qb4 40. Qb1 h1Q+ 41. Rxh1 Re2+ 42. Kg1 Re1+ 0-1

[Event "SRB-chT 1st League CS"]
[Site "Bajina Basta"]
[Date "2021.09.30"]
[Round "7.3"]
[White "Biljanic, Ljubomir"]
[Black "Stankovic, Milos M"]
[Result "1/2-1/2"]
[WhiteElo "2285"]
[BlackElo "2201"]
[PlyCount "74"]
[EventDate "2021.09.26"]
[EventType "team-tourn"]
[EventRounds "11"]
[EventCountry "SRB"]
[SourceTitle "EXT 2023"]
[Source "ChessBase"]
[SourceDate "2022.10.05"]
[SourceVersion "1"]
[SourceVersionDate "2022.10.05"]
[SourceQuality "1"]
[WhiteTeam "Kosovska Mitrovica"]
[BlackTeam "Paracin OSK"]
[WhiteTeamCountry "SRB"]
[BlackTeamCountry "SRB"]

1. d4 d6 2. Nf3 f5 3. c4 Nf6 4. Nc3 g6 5. g3 Bg7 6. Bg2 0-0 7. 0-0 Na6 8. Rb1 c6 9. b4 Ne4 10. Nxe4 fxe4 11. Ng5 d5 12. cxd5 cxd5 13. Qb3 e6 14. Be3 h6 15. Nh3 g5 16. f3 exf3 17. exf3 Nc7 18. f4 g4 19. Nf2 h5 20. h3 gxh3 21. Bf3 Rf5 22. Qd1 Nb5 23. Rb3 Qe8 24. Nxh3 Bh6 25. Ng5 Bd7 26. Bxh5 Qe7 27. Qg4 Bxg5 28. Bg6 Rff8 29. Bd3 e5 30. f5 Qg7 31. Bxg5 Nxd4 32. Qh4 Nxf5 33. Bxf5 Rxf5 34. Rxf5 Bxf5 35. Rf3 Qh7 36. Bh6 Qg6 37. Rc3 Rc8 1/2-1/2

[Event "SRB-chT 1st League CS"]
[Site "Bajina Basta"]
[Date "2021.09.27"]
[Round "2.3"]
[White "Biljanic, Ljubomir"]
[Black "Milanovic, Slavisa"]
[Result "0-1"]
[WhiteElo "2285"]
[BlackElo "2274"]
[PlyCount "84"]
[EventDate "2021.09.26"]
[EventType "team-tourn"]
[EventRounds "11"]
[EventCountry "SRB"]
[SourceTitle "EXT 2023"]
[Source "ChessBase"]
[SourceDate "2022.10.05"]
[SourceVersion "1"]
[SourceVersionDate "2022.10.05"]
[SourceQuality "1"]
[WhiteTeam "Kosovska Mitrovica"]
[BlackTeam "Krupanj"]
[WhiteTeamCountry "SRB"]
[BlackTeamCountry "SRB"]

1. d4 e6 2. Nf3 c5 3. e3 Nf6 4. Be2 Be7 5. 0-0 0-0 6. c4 cxd4 7. Nxd4 a6 8. Nc3 Qc7 9. Bd2 d6 10. Rc1 Nbd7 11. b4 b6 12. Qb3 Bb7 13. Rfd1 Rac8 14. Be1 Rfe8 15. f3 Qb8 16. Bg3 Nh5 17. Bf2 Bd8 18. Rd2 h6 19. Qa4 Nhf6 20. Bg3 Ne5 21. Qb3 Bc7 22. Qd1 Qa7 23. a4 d5 24. cxd5 exd5 25. b5 a5 26. Bf2 Bd6 27. Qb3 Qb8 28. g3 Bc5 29. Rdc2 h5 30. Nd1 Nc4 31. Nb2 Nxe3 32. Bxe3 Qe5 33. Rxc5 bxc5 34. Nc2 c4 35. Qa3 d4 36. Nxd4 Qxe3+ 37. Qxe3 Rxe3 38. Rxc4 Rd8 39. Kf2 Ra3 40. b6 Nd5 41. Rc7 Nxc7 42. bxc7 Rxd4 0-1

[Event "SRB-chT 1st League CS"]
[Site "Bajina Basta"]
[Date "2021.09.27"]
[Round "3.3"]
[White "Mladenovic, Stefan"]
[Black "Biljanic, Ljubomir"]
[Result "1/2-1/2"]
[WhiteElo "2308"]
[BlackElo "2285"]
[PlyCount "24"]
[EventDate "2021.09.26"]
[EventType "team-tourn"]
[EventRounds "11"]
[EventCountry "SRB"]
[SourceTitle "EXT 2023"]
[Source "ChessBase"]
[SourceDate "2022.10.05"]
[SourceVersion "1"]
[SourceVersionDate "2022.10.05"]
[SourceQuality "1"]
[WhiteTeam "Nis Nais"]
[BlackTeam "Kosovska Mitrovica"]
[WhiteTeamCountry "SRB"]
[BlackTeamCountry "SRB"]

1. d4 Nf6 2. Nf3 e6 3. e3 c5 4. Bd3 d5 5. b3 Nc6 6. Bb2 cxd4 7. exd4 Bb4+ 8. Nbd2 Ne4 9. a3 Bc3 10. Bxc3 Nxc3 11. Qc1 Qb6 12. Qb2 Na4 1/2-1/2

[Event "Cyprus op 1st"]
[Site "Larnaka"]
[Date "2019.10.31"]
[Round "7"]
[White "Bukhteeva, Viktoria"]
[Black "Biljanic, Ljubomir"]
[Result "0-1"]
[WhiteElo "2110"]
[BlackElo "2241"]
[PlyCount "94"]
[EventDate "2019.10.25"]
[EventType "swiss"]
[EventRounds "9"]
[EventCountry "CYP"]
[SourceTitle "CBM 192 Extra"]
[Source "Chessbase"]
[SourceDate "2019.11.06"]
[SourceVersion "1"]
[SourceVersionDate "2019.11.06"]
[SourceQuality "1"]

1. e4 d6 2. d4 Nf6 3. Nc3 c6 4. f4 Qa5 5. Bd3 Bg4 6. Nf3 e5 7. Be3 Nbd7 8. 0-0 Be7 9. h3 Bxf3 10. Qxf3 0-0 11. a3 Qc7 12. Kh1 c5 13. dxc5 dxc5 14. Qe2 a6 15. a4 exf4 16. Bxf4 Bd6 17. Bg5 Be5 18. Nd5 Nxd5 19. exd5 Bxb2 20. Rab1 Rae8 21. Be7 Be5 22. Bxf8 Rxf8 23. Qe4 g6 24. d6 Qxd6 25. Qxb7 Rb8 26. Qf3 Rf8 27. Bc4 Nf6 28. Rbd1 Qc7 29. g4 Kg7 30. Bxa6 h6 31. Bb5 Rd8 32. Rxd8 Qxd8 33. Rd1 Qa5 34. Kg2 Qb4 35. Rd3 c4 36. Re3 Bc7 37. c3 Qc5 38. Qc6 Qxe3 39. Qxc7 Qe2+ 40. Kg1 Qe3+ 41. Kg2 Ne4 42. Qe5+ Kh7 43. Qd4 Qe2+ 44. Kg1 Qe1+ 45. Kg2 Qg3+ 46. Kf1 Qxh3+ 47. Ke1 Qg3+ 0-1

[Event "Cyprus op 1st"]
[Site "Larnaka"]
[Date "2019.10.29"]
[Round "6"]
[White "Biljanic, Ljubomir"]
[Black "Kourouyiannis, Fivos"]
[Result "1-0"]
[WhiteElo "2241"]
[BlackElo "1708"]
[PlyCount "83"]
[EventDate "2019.10.25"]
[EventType "swiss"]
[EventRounds "9"]
[EventCountry "CYP"]
[SourceTitle "CBM 192 Extra"]
[Source "Chessbase"]
[SourceDate "2019.11.06"]
[SourceVersion "1"]
[SourceVersionDate "2019.11.06"]
[SourceQuality "1"]

1. d4 Nf6 2. Nf3 g6 3. c4 Bg7 4. Nc3 0-0 5. e4 d6 6. Be2 e5 7. d5 a5 8. 0-0 Na6 9. Ne1 Nc5 10. Bg5 h6 11. Bxf6 Qxf6 12. Bg4 Bxg4 13. Qxg4 Qf4 14. Qe2 f5 15. Nd3 Nxd3 16. Qxd3 fxe4 17. Nxe4 Qf5 18. Rae1 b6 19. b3 Qd7 20. a3 Kh7 21. Re3 Rf4 22. Rh3 Qf5 23. Re3 Rf8 24. b4 axb4 25. axb4 Rf7 26. g3 Rf3 27. c5 bxc5 28. bxc5 dxc5 29. Kg2 Rxe3 30. fxe3 Qxf1+ 31. Qxf1 Rxf1 32. Kxf1 Bf8 33. Nf6+ Kh8 34. Ke2 Bd6 35. Kd3 Kg7 36. Ne4 Kf7 37. Kc4 Ke7 38. Kb5 Kd8 39. Nxc5 Bxc5 40. Kxc5 Kd7 41. e4 g5 42. g4 1-0

[Event "Cyprus op 1st"]
[Site "Larnaka"]
[Date "2019.10.27"]
[Round "3"]
[White "Kazakouski, Valery"]
[Black "Biljanic, Ljubomir"]
[Result "1-0"]
[WhiteElo "2474"]
[BlackElo "2241"]
[PlyCount "61"]
[EventDate "2019.10.25"]
[EventType "swiss"]
[EventRounds "9"]
[EventCountry "CYP"]
[SourceTitle "CBM 192 Extra"]
[Source "Chessbase"]
[SourceDate "2019.11.06"]
[SourceVersion "1"]
[SourceVersionDate "2019.11.06"]
[SourceQuality "1"]

1. Nf3 Nf6 2. c4 e6 3. g3 d5 4. Bg2 Bd6 5. 0-0 0-0 6. b3 Qe7 7. Bb2 Nbd7 8. Nc3 c6 9. Qc2 Nb6 10. e4 Ba3 11. e5 Nfd7 12. Bxa3 Qxa3 13. cxd5 cxd5 14. d4 a6 15. Ng5 g6 16. h4 Nb8 17. Nf3 Nc6 18. h5 Bd7 19. Qd2 Rfc8 20. Rfd1 Rc7 21. Nh2 Be8 22. Ng4 Nd7 23. hxg6 hxg6 24. Bxd5 Ne7 25. Be4 Qb4 26. Ne2 Qxd2 27. Rxd2 Rac8 28. Kg2 Kg7 29. Rh1 Ng8 30. Nf4 Nb6 31. Bxg6 1-0

[Event "SRB-chT 2nd League West"]
[Site "Kragujevac"]
[Date "2019.10.04"]
[Round "8.3"]
[White "Biljanic, Ljubomir"]
[Black "Bugarcic, Ivan"]
[Result "1-0"]
[WhiteElo "2241"]
[BlackElo "2178"]
[PlyCount "93"]
[EventDate "2019.09.06"]
[EventType "team-tourn"]
[EventRounds "11"]
[EventCountry "SRB"]
[SourceTitle "EXT 2020"]
[Source "ChessBase"]
[SourceDate "2019.10.17"]
[SourceVersion "1"]
[SourceVersionDate "2019.10.17"]
[SourceQuality "1"]
[WhiteTeam "Kosovska Mitrovica"]
[BlackTeam "Ivanjica"]
[WhiteTeamCountry "SRB"]
[BlackTeamCountry "SRB"]

1. d4 g6 2. Nf3 Bg7 3. e4 d6 4. Be2 Nf6 5. Qd3 c6 6. h3 b5 7. a4 b4 8. 0-0 Ba6 9. Qe3 Bxe2 10. Qxe2 0-0 11. Bg5 h6 12. Bxf6 exf6 13. Nbd2 Re8 14. Qc4 a5 15. Rfe1 Ra7 16. Re2 Rae7 17. Rae1 Qb6 18. c3 Na6 19. Nh4 Kh7 20. f4 Nc7 21. f5 g5 22. Nhf3 d5 23. Qd3 Kg8 24. c4 Qa7 25. Kh1 Qa6 26. b3 Rd8 27. Re3 dxe4 28. Nxe4 Rde8 29. Nh2 Qc8 30. Ng4 Kh8 31. Ng3 Rxe3 32. Rxe3 Rxe3 33. Qxe3 Qd7 34. Qe4 Ne8 35. Ne3 Nd6 36. Qd3 Qe7 37. c5 Nb7 38. Qe4 Qd7 39. Nh5 Nd8 40. Nc4 Nb7 41. Nb6 Nxc5 42. dxc5 Qd1+ 43. Kh2 Qxh5 44. Qg4 Qxg4 45. hxg4 Bf8 46. Nc4 Bxc5 47. Nxa5 1-0

[Event "SRB-chT 2nd League West"]
[Site "Kragujevac"]
[Date "2019.10.03"]
[Round "6.3"]
[White "Mirkovic, Stevan"]
[Black "Biljanic, Ljubomir"]
[Result "0-1"]
[WhiteElo "2277"]
[BlackElo "2241"]
[PlyCount "72"]
[EventDate "2019.09.06"]
[EventType "team-tourn"]
[EventRounds "11"]
[EventCountry "SRB"]
[SourceTitle "EXT 2020"]
[Source "ChessBase"]
[SourceDate "2019.10.17"]
[SourceVersion "1"]
[SourceVersionDate "2019.10.17"]
[SourceQuality "1"]
[WhiteTeam "Cacak Borac"]
[BlackTeam "Kosovska Mitrovica"]
[WhiteTeamCountry "SRB"]
[BlackTeamCountry "SRB"]

1. Nf3 d5 2. d4 Nf6 3. c4 e6 4. Nc3 Be7 5. Bg5 0-0 6. e3 Nbd7 7. Rc1 Re8 8. Bd3 a6 9. 0-0 dxc4 10. Bxc4 b5 11. Bd3 c5 12. a4 c4 13. Bb1 Nd5 14. Bxe7 Qxe7 15. axb5 Nxc3 16. bxc3 axb5 17. Nd2 Nf6 18. Ne4 g6 19. Nxf6+ Qxf6 20. Be4 Rb8 21. f4 Qe7 22. Ra1 b4 23. Qe2 Bd7 24. Ra7 Qd6 25. cxb4 Rxb4 26. Qd2 Reb8 27. Rc1 Ba4 28. Ra1 Bb5 29. d5 c3 30. Qxc3 Rxe4 31. Qf6 Be8 32. h4 Qxd5 33. R1a5 Qd1+ 34. Kh2 Rxe3 35. Ra8 Qe1 36. Rxb8 Qg3+ 0-1

[Event "Kavala op 28th"]
[Site "Kavala"]
[Date "2019.08.07"]
[Round "5"]
[White "Biljanic, Ljubomir"]
[Black "Apostolakakis, Konstantinos"]
[Result "0-1"]
[WhiteElo "2258"]
[BlackElo "2061"]
[PlyCount "88"]
[EventDate "2019.08.04"]
[EventType "swiss"]
[EventRounds "9"]
[EventCountry "GRE"]
[SourceTitle "CBM 191 Extra"]
[Source "ChessBase"]
[SourceDate "2019.09.30"]
[SourceVersion "1"]
[SourceVersionDate "2019.09.30"]
[SourceQuality "1"]

1. d4 Nf6 2. Nc3 d5 3. Nf3 Bg4 4. Ne5 Bh5 5. h3 Bg6 6. g3 e6 7. Bg2 c5 8. Nxg6 hxg6 9. e3 Nc6 10. 0-0 Be7 11. a3 cxd4 12. exd4 Rc8 13. Qd3 0-0 14. Re1 Na5 15. b3 a6 16. Bd2 Nc6 17. Kh1 b5 18. Nd1 Qb6 19. c3 Na5 20. Qb1 Bd6 21. Ne3 Rc7 22. Bf3 Rfc8 23. b4 Nc4 24. Nxc4 Rxc4 25. Qd3 a5 26. Bg2 a4 27. Re2 R4c7 28. f4 Qc6 29. Re3 Nd7 30. Bf1 Rb8 31. Qe2 Nf6 32. Bg2 Nd7 33. Rf1 Nb6 34. Bc1 Qc4 35. Qe1 Qb3 36. g4 Rbc8 37. Rxe6 fxe6 38. Qxe6+ Kh7 39. Qxd6 Rxc3 40. Kh2 Rxc1 41. Rxc1 Rxc1 42. Qe7 Rc8 43. Qe6 Qc2 44. Kg3 Rc3+ 0-1

[Event "Belgrade ChessAmateur op 5th"]
[Site "Belgrade"]
[Date "2019.01.10"]
[Round "9"]
[White "Lazic, Ljubisa V"]
[Black "Biljanic, Ljubomir"]
[Result "0-1"]
[WhiteElo "2155"]
[BlackElo "2275"]
[PlyCount "80"]
[EventDate "2019.01.04"]
[EventType "swiss"]
[EventRounds "9"]
[EventCountry "SRB"]
[SourceTitle "CBM 188 Extra"]
[Source "ChessBase"]
[SourceDate "2019.02.26"]
[SourceVersion "1"]
[SourceVersionDate "2019.02.26"]
[SourceQuality "1"]

1. d4 Nf6 2. Nf3 d5 3. Bf4 c5 4. c3 Nc6 5. e3 Qb6 6. Qb3 c4 7. Qxb6 axb6 8. Na3 Bf5 9. Nb5 Bd7 10. Be2 e6 11. 0-0 Ra5 12. a4 Be7 13. Rfe1 0-0 14. Rec1 Rfa8 15. Nc7 Rc8 16. Nb5 Ne4 17. h3 g5 18. Bh2 f6 19. Kf1 h5 20. Ke1 Na7 21. Nxa7 Rxa7 22. Nd2 Rca8 23. Bd1 b5 24. f3 Nxd2 25. Kxd2 b4 26. b3 b5 27. bxc4 bxc4 28. e4 dxe4 29. fxe4 Bc6 30. cxb4 Bxe4 31. Ke3 Bd5 32. Ra2 Bxb4 33. Rb2 Be7 34. Kf2 Ra5 35. Kf1 f5 36. Rbb1 h4 37. Bc2 Be4 38. Ra1 Bd3+ 39. Kf2 e5 40. Kf3 R8a7 0-1

[Event "Belgrade ChessAmateur op 5th"]
[Site "Belgrade"]
[Date "2019.01.08"]
[Round "7"]
[White "Vasic, Vladimir"]
[Black "Biljanic, Ljubomir"]
[Result "0-1"]
[WhiteElo "2180"]
[BlackElo "2275"]
[PlyCount "83"]
[EventDate "2019.01.04"]
[EventType "swiss"]
[EventRounds "9"]
[EventCountry "SRB"]
[SourceTitle "CBM 188 Extra"]
[Source "ChessBase"]
[SourceDate "2019.02.26"]
[SourceVersion "1"]
[SourceVersionDate "2019.02.26"]
[SourceQuality "1"]

1. e4 e5 2. f4 d6 3. Nf3 Nc6 4. Bc4 Be7 5. 0-0 Nf6 6. d3 0-0 7. Nc3 Na5 8. f5 c6 9. Bb3 Qc7 10. Qe1 Nxb3 11. axb3 Re8 12. h3 d5 13. g4 dxe4 14. dxe4 b6 15. Qg3 Bb7 16. Kg2 c5 17. Re1 a6 18. Bg5 Rad8 19. Bxf6 gxf6 20. Qh4 Kh8 21. Re3 Rg8 22. Ne2 c4 23. Ng3 b5 24. Rae1 Rd4 25. c3 Rd7 26. b4 a5 27. bxa5 Qxa5 28. Qh6 Rd6 29. R3e2 b4 30. Rd2 Rxd2+ 31. Qxd2 Qd8 32. Qe3 bxc3 33. bxc3 Qd6 34. Rb1 Bc6 35. Qa7 Ra8 36. Qb6 Ra2+ 37. Rb2 Bxe4 38. Qf2 Bxf3+ 39. Kxf3 Qd5+ 40. Ne4 Qd3+ 41. Kg2 Qxe4+ 42. Kg3 0-1

[Event "Belgrade ChessAmateur op 5th"]
[Site "Belgrade"]
[Date "2019.01.06"]
[Round "5"]
[White "Biljanic, Ljubomir"]
[Black "Damjanovic, Vuk"]
[Result "0-1"]
[WhiteElo "2275"]
[BlackElo "2069"]
[PlyCount "96"]
[EventDate "2019.01.04"]
[EventType "swiss"]
[EventRounds "9"]
[EventCountry "SRB"]
[SourceTitle "CBM 188 Extra"]
[Source "ChessBase"]
[SourceDate "2019.02.26"]
[SourceVersion "1"]
[SourceVersionDate "2019.02.26"]
[SourceQuality "1"]

1. d4 Nf6 2. c4 c5 3. Nf3 cxd4 4. Nxd4 e5 5. Nb5 d5 6. cxd5 Bc5 7. e3 0-0 8. N5c3 Qe7 9. f3 e4 10. f4 Rd8 11. Bc4 Na6 12. 0-0 Nc7 13. Qe2 Ncxd5 14. Nxd5 Nxd5 15. a3 Nf6 16. b4 Bb6 17. Nc3 Be6 18. Bxe6 Qxe6 19. Nd1 Qg4 20. Qe1 Qf5 21. Nf2 Ng4 22. a4 Nxf2 23. Qxf2 a6 24. Ra3 Rac8 25. Qe2 Rd5 26. h3 Qd7 27. Re1 Qd6 28. Qg4 f5 29. Qg3 Qxb4 30. Ra2 Rd3 31. Rae2 Qxa4 32. Bb2 Qd7 33. Kh2 Ba5 34. Rb1 Bc3 35. Bxc3 Rcxc3 36. Rb6 Rc6 37. Rb1 Rd1 38. Rb3 Rg6 39. Qf2 Rd3 40. Rb1 Rc6 41. Reb2 b5 42. Ra1 Qd6 43. Rba2 b4 44. Ra5 b3 45. Rxf5 Rd2 46. Qf1 b2 47. Raa5 Rc1 48. Rxa6 Rxf1 0-1

[Event "Belgrade ChessAmateur op 5th"]
[Site "Belgrade"]
[Date "2019.01.05"]
[Round "2"]
[White "Djokic, Mihailo"]
[Black "Biljanic, Ljubomir"]
[Result "1/2-1/2"]
[WhiteElo "2178"]
[BlackElo "2275"]
[PlyCount "84"]
[EventDate "2019.01.04"]
[EventType "swiss"]
[EventRounds "9"]
[EventCountry "SRB"]
[SourceTitle "CBM 188 Extra"]
[Source "ChessBase"]
[SourceDate "2019.02.26"]
[SourceVersion "1"]
[SourceVersionDate "2019.02.26"]
[SourceQuality "1"]

1. e4 e5 2. Nc3 Nc6 3. Bc4 Nf6 4. d3 Be7 5. f4 d6 6. Nf3 0-0 7. a4 exf4 8. Bxf4 Nb4 9. Bb3 d5 10. Bg5 c5 11. e5 Ng4 12. Bxe7 Qxe7 13. Qe2 d4 14. Nb5 Nc6 15. 0-0 Ne3 16. Rfe1 Nxe5 17. Nbxd4 cxd4 18. Nxd4 N3g4 19. h3 Qc5 20. c3 Nc6 21. hxg4 Nxd4 22. cxd4 Qxd4+ 23. Qf2 Qd6 24. Re4 Bd7 25. Rae1 Qxd3 26. Bc4 Qd6 27. Rd4 Qc5 28. b4 Qc8 29. Re7 Be8 30. Rde4 Kh8 31. Bxf7 Bxa4 32. Qd4 Qc1+ 33. Re1 Qg5 34. R1e5 Qc1+ 35. Re1 Qh6 36. Rxb7 Bc6 37. Rc7 Rad8 38. Qe3 Qd6 39. Qe5 Qxe5 40. Rxe5 Ba8 41. Re2 Rb8 42. Rce7 Rb7 1/2-1/2

[Event "SRB-chT Central"]
[Site "Kragujevac"]
[Date "2018.09.22"]
[Round "11.3"]
[White "Nestorovic, Dejan"]
[Black "Biljanic, Ljubomir"]
[Result "1/2-1/2"]
[WhiteElo "2340"]
[BlackElo "2212"]
[PlyCount "104"]
[EventDate "2018.09.14"]
[EventType "team-tourn"]
[EventRounds "11"]
[EventCountry "SRB"]
[SourceTitle "CBM 186 Extra"]
[Source "ChessBase"]
[SourceDate "2018.08.24"]
[SourceVersion "1"]
[SourceVersionDate "2018.08.24"]
[SourceQuality "1"]
[WhiteTeam "Petrovac Sloga"]
[BlackTeam "Kosovska Mitrovica"]
[WhiteTeamCountry "SRB"]
[BlackTeamCountry "SRB"]

1. d4 Nf6 2. c4 e6 3. Nc3 Bb4 4. e3 Nc6 5. Bd3 d5 6. Nf3 a6 7. 0-0 0-0 8. Qc2 dxc4 9. Bxc4 Bd6 10. Rd1 Qe7 11. e4 e5 12. Bg5 Nb4 13. Qe2 h6 14. Bh4 Bg4 15. dxe5 Bxe5 16. h3 Bxf3 17. Qxf3 g5 18. Bg3 Nc2 19. Rac1 Nd4 20. Rxd4 Bxd4 21. e5 Bxc3 22. Rxc3 Nh7 23. Qf5 Rad8 24. e6 f6 25. Bb3 c6 26. Qg6+ Kh8 27. Qxh6 Rd2 28. Kh2 Rxb2 29. Qg6 Rd8 30. Rf3 Re2 31. h4 Qg7 32. Qf5 Qh6 33. Rd3 Re8 34. Rd7 b5 35. Rf7 a5 36. Qf3 R2xe6 37. Bxe6 Rxe6 38. Qf5 Re8 39. Qd7 Rg8 40. Qxc6 gxh4 41. Be5 Rf8 42. Rb7 h3 43. Rxb5 hxg2+ 44. Kxg2 Ng5 45. Bg3 Rd8 46. Rb1 Qh3+ 47. Kg1 Qf5 48. Rc1 Kg7 49. a4 Kg6 50. Kg2 Qh3+ 51. Kg1 Qf5 52. Kg2 Ne4 1/2-1/2

[Event "SRB-chT Central"]
[Site "Kragujevac"]
[Date "2018.09.18"]
[Round "7.5"]
[White "Biljanic, Ljubomir"]
[Black "Nestorovic, Nikola"]
[Result "1-0"]
[WhiteElo "2212"]
[BlackElo "2453"]
[PlyCount "117"]
[EventDate "2018.09.14"]
[EventType "team-tourn"]
[EventRounds "11"]
[EventCountry "SRB"]
[SourceTitle "CBM 186 Extra"]
[Source "ChessBase"]
[SourceDate "2018.08.24"]
[SourceVersion "1"]
[SourceVersionDate "2018.08.24"]
[SourceQuality "1"]
[WhiteTeam "Kosovska Mitrovica"]
[BlackTeam "Vladimirci"]
[WhiteTeamCountry "SRB"]
[BlackTeamCountry "SRB"]

1. d4 Nf6 2. Nf3 c5 3. e3 g6 4. Nc3 d5 5. Bd3 Bg7 6. h3 0-0 7. 0-0 Nc6 8. dxc5 Qa5 9. Nb5 e5 10. Be2 Be6 11. Bd2 Qd8 12. b4 Ne4 13. Rb1 a6 14. Nc3 Nxc3 15. Bxc3 d4 16. exd4 exd4 17. Bd2 Bxa2 18. Ra1 Bd5 19. Bd3 Re8 20. Re1 Qd7 21. Rb1 Na7 22. Bf4 Rxe1+ 23. Qxe1 Nb5 24. Qf1 Nc3 25. Ra1 Re8 26. Re1 Bxf3 27. gxf3 Bf6 28. Kg2 Kg7 29. Rxe8 Qxe8 30. Qc1 h5 31. Bh6+ Kh7 32. Qf4 Qe7 33. Bf8 Qe5 34. Qxe5 Bxe5 35. Bd6 Bf6 36. f4 Kg8 37. Kf3 Bg7 38. Be4 Nb5 39. Bxb7 Nxd6 40. cxd6 f5 41. Bxa6 Kf7 42. Bc4+ Ke8 43. b5 Bf8 44. d7+ Kxd7 45. Bf7 h4 46. Bxg6 Ke6 47. b6 Bc5 48. b7 Bd6 49. Ke2 Bxf4 50. Kd3 Be5 51. Kc4 f4 52. Kc5 Kd7 53. Kd5 Bb8 54. Bf5+ Kc7 55. Bc8 Ba7 56. f3 d3 57. cxd3 Bf2 58. Ke5 Bg3 59. d4 1-0

[Event "Skopje Karposh op"]
[Site "Skopje"]
[Date "2018.03.30"]
[Round "8"]
[White "Janzelj, Tim"]
[Black "Biljanic, Ljubomir"]
[Result "1-0"]
[WhiteElo "2440"]
[BlackElo "2237"]
[PlyCount "67"]
[EventDate "2018.03.24"]
[EventType "swiss"]
[EventRounds "9"]
[EventCountry "MKD"]
[SourceTitle "CBM 183 Extra"]
[Source "ChessBase"]
[SourceDate "2018.04.19"]
[SourceVersion "1"]
[SourceVersionDate "2018.04.19"]
[SourceQuality "1"]

1. e4 d6 2. d4 Nf6 3. Nc3 e5 4. dxe5 dxe5 5. Qxd8+ Kxd8 6. Bc4 Ke8 7. f3 Bc5 8. Bg5 c6 9. Nge2 b5 10. Bxf6 bxc4 11. Bxe5 f6 12. Bd4 Be7 13. Be3 Na6 14. 0-0-0 Bd7 15. Rd2 Be6 16. Nd4 Bc5 17. Nf5 Bxf5 18. exf5 Rd8 19. Rxd8+ Kxd8 20. Rd1+ Kc7 21. Bxc5 Nxc5 22. Rd4 g6 23. Rxc4 Nd7 24. fxg6 hxg6 25. h3 f5 26. Ra4 Kb7 27. Rd4 Kc7 28. b4 Nf8 29. Rc4 Kd6 30. b5 c5 31. Ra4 Rh7 32. f4 Rb7 33. Ra6+ Kd7 34. Rf6 1-0